|
|
|
|
| LEADER |
00000cam a2200000 a 4500 |
| 001 |
vtls001348649 |
| 003 |
SK-MaSNL |
| 005 |
20260301160614.0 |
| 008 |
250414s1998 xo ba r 100 0 eng |
| 015 |
|
|
|a SNBA1999/03-00888
|
| 020 |
|
|
|a 8071375012
|
| 035 |
|
|
|a SNK000301934
|
| 035 |
|
|
|a urn:nbn:sk:snk-amjteq
|
| 035 |
|
|
|a urn:nbn:sk:snk:ar-a0bf9c
|
| 035 |
|
|
|a 240055d3-f300-4cc6-b4cc-f2f9048725c7
|
| 040 |
|
|
|a SNK
|b slo
|c SNK
|e AACR2
|
| 041 |
0 |
|
|a eng
|
| 044 |
|
|
|a xo
|c SK
|
| 080 |
|
|
|a 631(082)=20
|2 1981
|
| 110 |
0 |
|
|a European Society for Agronomy
|b Congress
|n 5th
|d 1998
|c Nitra, Slovensko
|4 aut
|9 522392
|
| 245 |
0 |
0 |
|a Short communications
|b fifth congress 28 June - 2 July 1998 Nitra the Slovak Republic
|n Volume 2
|c editors: M. Zima, M.L.-Bartošová
|
| 260 |
|
|
|a [Nitra
|b Slovenská poľnohospodárska univerzita
|c c1998
|
| 300 |
|
|
|a x, 342 s.
|b grafy, mp., sch., tab.
|c 30 cm
|
| 504 |
|
|
|a Bibliogr. odkazy
|
| 650 |
0 |
7 |
|a poľnohospodárstvo
|x zborníky
|2 SNK
|9 292005
|
| 655 |
|
7 |
|a zborníky konferencií
|2 SNKPH
|9 70153
|
| 655 |
|
7 |
|a issue_zb
|2 SNK
|9 276493
|
| 700 |
1 |
|
|a Zima, Miroslav,
|d 1945-2006
|4 edt
|9 166350
|
| 700 |
1 |
|
|a Lacko-Bartošová, Magdaléna,
|d 1953-
|4 edt
|9 199016
|
| 852 |
|
|
|a Slovenská národná knižnica
|
| 919 |
|
|
|a 80-7137-501-2
|
| 954 |
|
|
|a odborná, vedecká literatúra pôvodná (slovenská)
|2 lita
|
| 954 |
|
|
|a odborná, vedecká literatúra cudzojazyčná (svetová)
|2 lita
|
| 958 |
|
|
|a ART
|
| 958 |
|
|
|a TL
|
| 958 |
|
|
|a NB
|
| 958 |
|
|
|a OND
|
| 958 |
|
|
|a EUIPO
|
| 999 |
|
|
|c 806174
|d 808104
|
| 952 |
|
|
|t P60, <03>, [BOOK], {603}
|a SNK
|b SNK
|y PREZ
|7 0
|p 17A0168710
|o snkSB 59561/2
|i snkKSP 10633/98
|0 0
|1 0
|4 0
|d 1998-11-18
|f 1
|l 0
|r 2025-04-08 00:00:00
|w 2026-02-24
|
| 952 |
|
|
|t P60, <04>, [BOOK], {604}
|a SNK
|b SNK
|y VYP
|7 0
|p 17A0168711
|o snkSB 59561/2 D1
|i snkKSP 10634/98
|0 0
|1 0
|4 0
|d 1998-11-18
|l 0
|r 2005-01-02 00:00:00
|w 2026-02-24
|